LEADER 01115nam0 22003131i 450 001 SUN0045374 005 20060524120000.0 010 $a88-14-01102-8 010 $a88-14-10727-0 020 $aIT$b88 6316 100 $a20060524d2004 |0itac50 ba 101 $aita 102 $aIT 105 $a|||| ||||| 200 1 $aGrafologia giudiziaria e perizia grafica$fBruno Vettorazzo 205 $a2. ed 210 $aMilano$cGiuffré$d2004 215 $aXXVI, 401 p.$d22 cm. 410 1$1001SUN0003624$12001 $aTeoria e pratica del diritto. Sez. 3, Diritto e procedura penale$v35$1210 $aMilano$cGiuffrè. 606 $aPerizie grafiche$2FI$3SUNC002433 620 $dMilano$3SUNL000284 676 $a363.2565$v21 700 1$aVettorazzo$b, Bruno$3SUNV006446$0229715 712 $aGiuffrè$3SUNV001757$4650 801 $aIT$bSOL$c20181231$gRICA 912 $aSUN0045374 950 $aUFFICIO DI BIBLIOTECA DEL DIPARTIMENTO DI GIURISPRUDENZA$d00CONS XVII.Ee.23 (bis) $e00 31802 20060524 996 $aGrafologia giudiziaria$9858026 997 $aUNICAMPANIA